000 00742nam a2200229 a 4500
001 BRCA_5323
005 20190320205031.0
008 031210s1945----sz-a######---#000-0#ger-#
041 _ager
044 _asz
050 4 _aND653
_b.V75 1945
100 1 _aVries, A. B. de
_913653
245 1 0 _aJan Vermeer van Delft
_cA. B. de Vries.
260 _aBasilea, Suiza
_bHolbein
_c1945
300 _a132 p.
_bil., 68 láminas
_c27 cm.
500 _aIncluye firmas de Vermeer, índice de ilustraciones, índice de las obras realizadas, índice onomástico e índice de museos
504 _aBibliografía: p. 125-[128]
600 1 4 _aVermeer, Johannes
_d1632-1675
_913654
650 1 4 _aPintores holandeses
_913655
902 _aGFM
942 _2lcc
_cB
999 _c5017
_d5017